000 00276nam a2200097Ia 4500
008 240331s9999 xx 000 0 und d
082 _bPAN
100 _aPanikkar, K.N
245 0 _aCulture,ideology,hegemony :
_bintellectuals and social consciousness in colonial India
942 _cL
999 _c2104
_d2104